Membongkar penyelewengan mencari kebenaran : karya pemenang Anugerah Kajai Hadiah Kewartawan Malaysia MPI Petronas 1980-2011

Bibliographic Details
Other Authors: Chamil Wariya , Dato , 1952-
Format: Book
Published: Kuala Lumpur : Media Global Matrix , 2012
Subjects:

MARC

LEADER 00000cam a2200000 7i4500
001 0000059008
005 20160119.0
008 160119
020 |a 9789671091814 
090 0 0 |a 808.06607   |b MEM 
245 0 0 |a Membongkar penyelewengan mencari kebenaran :   |b karya pemenang Anugerah Kajai Hadiah Kewartawan Malaysia MPI Petronas 1980-2011   |c kata pengantar Chamil Wariya 
260 |a Kuala Lumpur :   |b Media Global Matrix ,   |c 2012 
300 |a 297p. ;   |c 26cm. 
650 0 |a Journalism   |x Authorship 
650 0 |a Journalism   |x Awards   |z Malaysia 
700 0 |a Chamil Wariya ,   |c Dato ,   |d 1952- 
999 |a 0001389625   |b Book   |c Adult Collection   |e Cawangan Urban Transformation Centre 
999 |a 0001389626   |b Book   |c Adult Collection   |e Perbadanan Perpustakaan Awam Johor